| 000 | 01138nam a22003137a 4500 | ||
|---|---|---|---|
| 003 | CHAP | ||
| 005 | 20220329141611.0 | ||
| 008 | 971013s1994 r 00010 d | ||
| 010 | _a70813 | ||
| 011 | _a71785 | ||
| 035 | _a81339 | ||
| 040 | _cCHAP | ||
| 090 | _aTesis | ||
| 100 | 0 | 0 |
_aVélez Hernández, Elia del Carmen. _9120579 |
| 245 | _aEstudio de factibilidad para el establecimiento de una planta industrializadora de tuna blanca (Opuntia amyclaea Tenore) en el municipio de San Juan Teotihuacán, Estado de México | ||
| 260 |
_aChapingo, Méx. : _bEl autor, _c1994 |
||
| 300 |
_a90 h. _e+ anexos |
||
| 502 | _aTesis (Ing. Agroindustrial) -- UACH. Departamento de Ingeniería Agroindustrial | ||
| 590 |
_aALEPH _b10 _c20130110 _lUCH01 _h1410 |
||
| 590 |
_aBATCH-UPD _b10 _c20130110 _lUCH01 _h0549 |
||
| 590 |
_aBATCH-UPD _b10 _c20130410 _lUCH01 _h0230 |
||
| 590 |
_aBATCH-UPD _b10 _c20130914 _lUCH01 _h1851 |
||
| 590 |
_aCONVERSION _b10 _c20130109 _lUCH01 _h1339 |
||
| 650 | 1 | 4 |
_aOpuntia amyclaea. _983388 |
| 650 | 1 | 4 |
_aTuna _xIndustria. _9115556 |
| 901 | _aBK | ||
| 942 | _cTESIS | ||
| 949 |
_bBC _cTES _d-34638 _eTS1 _h30057 _i81339 _si |
||
| 999 |
_c70813 _d70813 |
||